[Event "Kup SS CS 2014"]
[Site "?"]
[Date "2014.05.04"]
[Round "8.1"]
[White "Brkljaca, Ante"]
[Black "Zajic, Milan"]
[Result "0-1"]
[WhiteElo "2323"]
[BlackElo "2347"]
[PlyCount "66"]
[EventDate "2014.03.23"]

1. d4 d5 2. Nf3 Nf6 3. c4 c6 4. Nc3 dxc4 5. a4 Bf5 6. e3 e6 7. Bxc4 Bb4 8. O-O
O-O 9. Qe2 Nbd7 10. e4 Bg6 11. e5 Nd5 12. Nxd5 cxd5 13. Bd3 Bh5 14. Bb1 f5 15.
Qb5 Qb6 16. Qxd7 Be8 17. a5 Qa6 18. Qc7 Bb5 19. Bd2 Rac8 20. Rc1 Rxc7 21. Rxc7
Bxd2 22. Nxd2 Bc6 23. Bc2 Qe2 24. Rd1 a6 25. b4 h6 26. Re7 Re8 27. Rc7 Kf8 28.
h4 Kg8 29. h5 Kf8 30. g3 Kg8 31. Kg2 Rf8 32. Rxc6 bxc6 33. Ba4 f4 0-1

[Event "Kup SS CS 2014"]
[Site "?"]
[Date "2014.05.04"]
[Round "8.1"]
[White "Mladenovic, Stefan"]
[Black "Ilic, Dragan M"]
[Result "1-0"]
[WhiteElo "2310"]
[BlackElo "2371"]
[PlyCount "87"]
[EventDate "2014.03.23"]

1. d4 e6 2. c4 f5 3. Nf3 Nf6 4. g3 d5 5. Bg2 c6 6. O-O Bd6 7. Nc3 O-O 8. Bg5
Nbd7 9. Qc2 h6 10. Bxf6 Qxf6 11. e3 Qf7 12. Nd2 g5 13. Rab1 a5 14. a3 Nf6 15.
b4 axb4 16. axb4 Bd7 17. b5 Rfc8 18. Na4 Ra7 19. Nb6 Rd8 20. bxc6 bxc6 21. Ra1
Be8 22. Nb3 Rb8 23. c5 Bf8 24. Rxa7 Qxa7 25. Ra1 Qg7 26. Qa2 e5 27. Qa7 exd4
28. exd4 Ne4 29. Qxg7+ Bxg7 30. Ra7 g4 31. h4 gxh3 32. Bxh3 Ng5 33. Bxf5 Bh5
34. g4 Nf3+ 35. Kf1 Bxg4 36. Bxg4 Nh2+ 37. Kg2 Nxg4 38. Rc7 Rf8 39. Rxc6 Rxf2+
40. Kg3 h5 41. Nxd5 Rb2 42. Rb6 Nh6 43. c6 Rc2 44. c7 1-0

[Event "Kup SS CS 2014"]
[Site "?"]
[Date "2014.05.04"]
[Round "8.1"]
[White "Gosic, Bogdan"]
[Black "Cvetanovic, Uros"]
[Result "0-1"]
[WhiteElo "2272"]
[BlackElo "2290"]
[PlyCount "66"]
[EventDate "2014.03.23"]

1. c4 e5 2. Nc3 Nc6 3. g3 Nf6 4. Bg2 a6 5. Nf3 Bc5 6. d3 d6 7. O-O h6 8. a3 O-O
9. b4 Ba7 10. Bb2 Rb8 11. Nd5 Nxd5 12. cxd5 Ne7 13. Nd2 f5 14. Rc1 Bd7 15. Qc2
Rc8 16. Nc4 f4 17. Qd2 fxg3 18. hxg3 Nf5 19. e3 Qg5 20. Rce1 Rce8 21. Qe2 Qg6
22. Nd2 Bxe3 23. fxe3 Nxg3 24. Rxf8+ Rxf8 25. Qd1 Bg4 26. Qc2 Ne2+ 27. Rxe2
Bxe2 28. Ne4 Rf1+ 29. Kh2 Qh5+ 30. Bh3 Rf3 31. Ng3 Qh4 32. Bxe5 dxe5 33. Nxe2
Qxh3+ 0-1

[Event "Kup SS CS 2014"]
[Site "?"]
[Date "2014.05.04"]
[Round "8.1"]
[White "Djordjevic, Vuk"]
[Black "Stojanovic, Dobrisav"]
[Result "0-1"]
[WhiteElo "2139"]
[BlackElo "2369"]
[PlyCount "62"]
[EventDate "2014.03.23"]

1. e4 e5 2. Nf3 Nc6 3. d4 exd4 4. Nxd4 Nf6 5. Nxc6 bxc6 6. Bd3 d5 7. exd5 cxd5
8. Bb5+ Bd7 9. Bxd7+ Qxd7 10. O-O Be7 11. Nd2 O-O 12. b3 Qf5 13. Bb2 Rfd8 14.
Nf3 Ne4 15. Qd3 Bf6 16. Bd4 a5 17. a4 c5 18. Bxf6 Qxf6 19. c4 Qc3 20. Qxc3 Nxc3
21. cxd5 Rxd5 22. Rfe1 f6 23. Re3 Rad8 24. Rae1 Rd3 25. h3 Kf8 26. Re7 Rd1 27.
Rc7 Ne4 28. Kh2 Rxe1 29. Nxe1 Rd1 30. Nc2 Nxf2 31. Rxc5 Rh1+ 0-1

[Event "Kup SS CS 2014"]
[Site "?"]
[Date "2014.05.04"]
[Round "8.2"]
[White "Djukic, Zeljko"]
[Black "Mirkovic, Stevan"]
[Result "1-0"]
[WhiteElo "2382"]
[BlackElo "2298"]
[PlyCount "95"]
[EventDate "2014.03.23"]

1. d4 d5 2. c4 dxc4 3. e3 Nf6 4. Bxc4 e6 5. Nf3 c5 6. O-O a6 7. a4 Nc6 8. Nc3
Be7 9. Qe2 cxd4 10. Rd1 O-O 11. exd4 Nb4 12. Bg5 Bd7 13. Ne5 Rc8 14. Bb3 Bc6
15. Nxc6 bxc6 16. a5 Qc7 17. Bc4 Rfe8 18. Ra4 Qb7 19. Bxf6 gxf6 20. Ne4 f5 21.
Nc5 Bxc5 22. dxc5 Rcd8 23. g3 Rxd1+ 24. Qxd1 Nd5 25. Qe2 Nc7 26. Qd2 Nd5 27.
Qg5+ Kh8 28. Bxd5 cxd5 29. Qf6+ Kg8 30. Rh4 Qb3 31. Kg2 Rb8 32. c6 Qc2 33. b4
Rc8 34. b5 axb5 35. a6 Qxc6 36. Rh5 Qc3 37. Rg5+ Kf8 38. Qh6+ Ke7 39. Rg7 b4
40. Qxh7 Qf6 41. Rg8 Qc3 42. a7 d4 43. Qh8 Qc6+ 44. Kh3 Qf3 45. Qh4+ Kd7 46.
Rxc8 Kxc8 47. Qh8+ Kc7 48. a8=Q 1-0

[Event "Kup SS CS 2014"]
[Site "?"]
[Date "2014.05.04"]
[Round "8.2"]
[White "Smolovic, Mile"]
[Black "Ilic, Zoran S"]
[Result "1-0"]
[WhiteElo "2323"]
[BlackElo "2291"]
[PlyCount "61"]
[EventDate "2014.03.23"]

1. e4 c5 2. Nc3 e6 3. Nge2 a6 4. a4 Nc6 5. g3 Nf6 6. Bg2 Be7 7. O-O d6 8. h3
Qc7 9. d3 Rb8 10. g4 h6 11. f4 b5 12. axb5 axb5 13. Ng3 b4 14. Nce2 g6 15. Be3
e5 16. c3 bxc3 17. bxc3 Kf8 18. d4 exf4 19. Bxf4 cxd4 20. cxd4 Qb6 21. Rc1 Bd7
22. Qd2 Kg7 23. Be3 Na5 24. e5 Ne8 25. Bd5 f6 26. e6 Bb5 27. Nf4 Bxf1 28. Qc2
f5 29. Nxg6 Bf6 30. Nxf5+ Kg8 31. e7+ 1-0

[Event "Kup SS CS 2014"]
[Site "?"]
[Date "2014.05.04"]
[Round "8.2"]
[White "Djokic, Vladan"]
[Black "Gavrilovic, Leonardo"]
[Result "1/2-1/2"]
[WhiteElo "2309"]
[BlackElo "2255"]
[PlyCount "58"]
[EventDate "2014.03.23"]

1. c4 Nf6 2. Nf3 e6 3. g3 b6 4. Bg2 Bb7 5. O-O Be7 6. b3 O-O 7. Bb2 d5 8. d4 c5
9. Nbd2 Nbd7 10. cxd5 Bxd5 11. Rc1 Rc8 12. Nc4 b5 13. Ne3 Be4 14. dxc5 Bxc5 15.
Bd4 Qa5 16. Bxc5 Nxc5 17. Qd4 Ncd7 18. a4 bxa4 19. Qxa4 Qxa4 20. bxa4 Nc5 21.
Rc4 Nb3 22. Rd1 a5 23. Ne5 Bxg2 24. Kxg2 Rxc4 25. N3xc4 Nc5 26. Nb6 g5 27. Nc6
Kg7 28. f3 h6 29. h3 Re8 1/2-1/2

[Event "Kup SS CS 2014"]
[Site "?"]
[Date "2014.05.04"]
[Round "8.2"]
[White "Matovic, Petar"]
[Black "Mitrovic, Darko R"]
[Result "1-0"]
[WhiteElo "2239"]
[BlackElo "2279"]
[PlyCount "120"]
[EventDate "2014.03.23"]

1. d4 Nf6 2. Bf4 b6 3. e3 Bb7 4. Nf3 g6 5. c4 Bg7 6. Nc3 d6 7. Be2 Nbd7 8. O-O
O-O 9. Qc2 c6 10. b4 Re8 11. Rfd1 Nh5 12. Bg5 h6 13. Bh4 g5 14. Ne1 Ndf6 15.
Bg3 Nxg3 16. hxg3 Qc7 17. Rab1 Rad8 18. Qb3 Nd7 19. Bf3 e6 20. Rbc1 Qb8 21. a4
Qc7 22. Qa3 Bf8 23. Nd3 a5 24. b5 c5 25. Bxb7 Qxb7 26. d5 Nf6 27. Ne1 Qc8 28.
Qa2 Bg7 29. Rd3 Ng4 30. Nf3 Bxc3 31. Rcxc3 e5 32. e4 f5 33. Qe2 fxe4 34. Qxe4
Kg7 35. Nd2 Nf6 36. Qe2 e4 37. Re3 Qf5 38. f3 exf3 39. gxf3 Kf7 40. Kg2 Kg6 41.
Re6 Kf7 42. Rce3 Rxe6 43. Rxe6 Re8 44. Rxe8 Nxe8 45. Qe4 Ng7 46. g4 Qf6 47. Qc2
Qe5 48. Ne4 h5 49. Qd2 hxg4 50. Nxg5+ Kg6 51. f4 Qa1 52. Qe2 Kh5 53. Qc2 Qf6
54. Qh7+ Qh6 55. Qxh6+ Kxh6 56. Nf7+ Kg6 57. Nxd6 Nh5 58. f5+ Kg5 59. Nc8 Kxf5
60. Nxb6 Nf4+ 1-0

[Event "Kup SS CS 2014"]
[Site "?"]
[Date "2014.05.04"]
[Round "8.3"]
[White "Stankovic, Dragan P"]
[Black "Radovanovic, Nikola"]
[Result "1/2-1/2"]
[WhiteElo "2266"]
[BlackElo "2308"]
[PlyCount "56"]
[EventDate "2014.03.23"]

1. g3 Nf6 2. Bg2 e5 3. c4 d5 4. cxd5 Nxd5 5. Nc3 Nb6 6. Nf3 Nc6 7. O-O Be7 8.
d3 Be6 9. Be3 O-O 10. Qd2 f6 11. Rfc1 Nd5 12. Nxd5 Bxd5 13. Bc5 b6 14. Bxe7
Nxe7 15. b4 Qd7 16. Rc2 a5 17. b5 c5 18. bxc6 Bxc6 19. Rac1 Rfc8 20. Ne1 b5 21.
Rc5 b4 22. Bxc6 Rxc6 23. Qb2 Kh8 24. Qb3 Qd6 25. Rxc6 Nxc6 26. Qc4 Ne7 27. Nf3
h6 28. Qf7 a4 1/2-1/2

[Event "Kup SS CS 2014"]
[Site "?"]
[Date "2014.05.04"]
[Round "8.3"]
[White "Jovanovic, Bojan P"]
[Black "Avramovic, Zoran"]
[Result "1-0"]
[WhiteElo "2254"]
[BlackElo "2313"]
[PlyCount "115"]
[EventDate "2014.03.23"]

1. e4 e5 2. Nf3 Nf6 3. Nxe5 d6 4. Nf3 Nxe4 5. Nc3 Nxc3 6. dxc3 Be7 7. Be3 O-O
8. Qd2 a5 9. Bd3 Nc6 10. O-O-O a4 11. a3 Bg4 12. Be2 Ra5 13. h3 Be6 14. Nd4
Nxd4 15. cxd4 b6 16. g4 f5 17. f4 Bd5 18. Rhg1 Be4 19. Bd3 Qa8 20. Bxe4 Qxe4
21. Rde1 Qd5 22. Kb1 Bh4 23. Bf2 Bxf2 24. Qxf2 Qf7 25. g5 Raa8 26. g6 hxg6 27.
Rg3 Rae8 28. Reg1 Re6 29. d5 Rf6 30. Qg2 Re8 31. h4 Re4 32. h5 Qxd5 33. Rxg6
Rxg6 34. Qxg6 Qf7 35. Qg5 Kh7 36. Qh4 Qf6 37. Qg3 Qh6 38. Qc3 c5 39. Rg6 Qxg6
40. hxg6+ Kxg6 41. Qd2 Rd4 42. Qg2+ Kf7 43. Qb7+ Ke6 44. Qc8+ Kf6 45. Qd8+ Kf7
46. Qxb6 Ke6 47. Qb7 Rxf4 48. Qxg7 Re4 49. Kc1 f4 50. Kd2 d5 51. b3 Re3 52.
bxa4 Rxa3 53. Qc7 c4 54. a5 Ra1 55. a6 d4 56. Qxc4+ Ke5 57. a7 f3 58. Qc5+ 1-0

[Event "Kup SS CS 2014"]
[Site "?"]
[Date "2014.05.04"]
[Round "8.3"]
[White "Mircic, Ivan"]
[Black "Djuretanovic, Ivan"]
[Result "0-1"]
[WhiteElo "2257"]
[BlackElo "2047"]
[PlyCount "84"]
[EventDate "2014.03.23"]

1. Nf3 d5 2. g3 g6 3. Bg2 Bg7 4. O-O Nf6 5. d4 O-O 6. c4 c6 7. Qb3 Qb6 8. Qxb6
axb6 9. cxd5 Nxd5 10. Bd2 Bf5 11. a3 Be4 12. e3 Nd7 13. Ne1 Bxg2 14. Kxg2 e5
15. Nf3 exd4 16. exd4 c5 17. Nc3 Nxc3 18. Bxc3 Nf6 19. dxc5 bxc5 20. Rad1 Rfd8
21. Rfe1 Nd5 22. Bxg7 Kxg7 23. Rc1 b6 24. h4 h6 25. Re5 Rd6 26. Rce1 Rad8 27.
R1e2 c4 28. Ne1 b5 29. Nf3 R8d7 30. Kh2 Nc7 31. Rc5 Rd5 32. Re5 Rxe5 33. Rxe5
Rd3 34. Kg2 Rb3 35. Re2 Ne6 36. Rc2 Rxf3 37. Kxf3 Nd4+ 38. Ke4 Nxc2 39. Kd5
Nxa3 40. Kc5 Kf6 41. Kb4 Nb1 42. Kxb5 c3 0-1

[Event "Kup SS CS 2014"]
[Site "?"]
[Date "2014.05.04"]
[Round "8.3"]
[White "Nikolic, Vladimir"]
[Black "Jocic, Miomir"]
[Result "0-1"]
[WhiteElo "1984"]
[BlackElo "2039"]
[PlyCount "94"]
[EventDate "2014.03.23"]

1. Nf3 Nf6 2. d4 g6 3. Nbd2 d5 4. c3 Bg7 5. g3 O-O 6. Bg2 Nbd7 7. O-O c5 8.
dxc5 Nxc5 9. Nd4 b6 10. N2b3 Bb7 11. Nxc5 bxc5 12. Nb3 Qb6 13. Qc2 Rac8 14. Bg5
e5 15. Bxf6 Bxf6 16. c4 d4 17. Bxb7 Qxb7 18. Nd2 Bg7 19. Rad1 f5 20. e4 Rb8 21.
b3 Rbe8 22. Qd3 Bh6 23. Rfe1 Bxd2 24. Rxd2 f4 25. f3 Rf6 26. g4 Rb6 27. Qf1 h6
28. Qh3 Kg7 29. g5 h5 30. Qg2 a5 31. Rb2 Rb8 32. Reb1 a4 33. Qh3 Qe7 34. Qg2
axb3 35. Rxb3 Rxb3 36. Rxb3 Rxb3 37. axb3 d3 38. Kf1 Qd8 39. Qd2 Qd4 40. Kg2
Kf7 41. Qa5 d2 42. Qc7+ Ke8 43. Qb8+ Qd8 44. Qxe5+ Kf7 45. Qxf4+ Kg8 46. Qe5
d1=Q 47. Qxc5 Q1d2+ 0-1

[Event "Kup SS CS 2014"]
[Site "?"]
[Date "2014.05.04"]
[Round "8.4"]
[White "Stojanovic, Marko"]
[Black "Todorovic, Bojan"]
[Result "0-1"]
[WhiteElo "2294"]
[BlackElo "2321"]
[PlyCount "116"]
[EventDate "2014.03.23"]

1. b3 d5 2. Nf3 Bg4 3. Bb2 Nd7 4. d4 e6 5. Nbd2 Ngf6 6. Ne5 Nxe5 7. dxe5 Nd7 8.
c4 c6 9. Qc1 Bc5 10. e3 Qb6 11. Be2 h5 12. h3 Bf5 13. Nf3 Bb4+ 14. Kf1 Be7 15.
Nd4 Bg6 16. f4 Be4 17. cxd5 cxd5 18. Ba3 Nc5 19. Bb5+ Kf8 20. Qc3 a5 21. Kg1 g6
22. Kh2 Kg7 23. Rhc1 Rhc8 24. Qb2 Qd8 25. Rc3 Rc7 26. Rac1 Rac8 27. Be2 b6 28.
Nb5 Rd7 29. Nd6 Rxd6 30. exd6 Bf6 31. b4 axb4 32. Qxb4 Qxd6 33. Rb3 Rc6 34. Bb5
Rc7 35. Bb2 e5 36. Bf1 d4 37. Qxb6 Rc6 38. Qb8 Nxb3 39. Qxd6 Rxd6 40. axb3 exf4
41. exf4 h4 42. Be2 d3 43. Bxf6+ Rxf6 44. Bd1 Rxf4 45. Rc4 Rf1 46. Rxe4 Rxd1
47. Rxh4 Rb1 48. Rd4 Rxb3 49. Rd6 Kh6 50. Kg3 Kg5 51. Rd5+ f5 52. Rd6 f4+ 53.
Kf3 d2+ 54. Kf2 Rb2 55. Kf3 Kf5 56. Rd5+ Ke6 57. Rd8 Ke5 58. Rd3 Rb3 0-1

[Event "Kup SS CS 2014"]
[Site "?"]
[Date "2014.05.04"]
[Round "8.4"]
[White "Nikolic, Boban"]
[Black "Djuric, Zoran"]
[Result "1-0"]
[WhiteElo "2236"]
[BlackElo "2233"]
[PlyCount "55"]
[EventDate "2014.03.23"]

1. c4 Nf6 2. Nc3 d6 3. d4 Nbd7 4. Nf3 e5 5. Bg5 Be7 6. e3 h6 7. Bh4 c6 8. Qc2
Qc7 9. O-O-O g5 10. Bg3 Nh5 11. Be2 Nxg3 12. hxg3 Kf8 13. Kb1 Kg7 14. Nh2 a6
15. g4 Qa5 16. Nf1 Nf6 17. Ng3 b5 18. dxe5 dxe5 19. Nce4 Be6 20. Nxf6 bxc4 21.
Ngh5+ Kf8 22. Bxc4 Bc8 23. Nd7+ Bxd7 24. Rxd7 Rb8 25. Rhd1 e4 26. Rxe7 Kxe7 27.
Qxe4+ Kf8 28. Qd4 1-0

[Event "Kup SS CS 2014"]
[Site "?"]
[Date "2014.05.04"]
[Round "8.4"]
[White "Ilic, Zdravko"]
[Black "Pejcic, Milutin"]
[Result "1-0"]
[WhiteElo "2161"]
[BlackElo "2145"]
[PlyCount "81"]
[EventDate "2014.03.23"]

1. e4 c5 2. Nf3 e6 3. c4 Nc6 4. Nc3 g6 5. d4 Bg7 6. d5 Nd4 7. Nxd4 cxd4 8. Nb5
Qb6 9. Bf4 e5 10. c5 Qd8 11. d6 Rb8 12. Nc7+ Kf8 13. Bd2 Nf6 14. Qf3 b6 15. b4
Bb7 16. Bd3 Ne8 17. Nxe8 Kxe8 18. Qg3 bxc5 19. bxc5 Qc8 20. Rc1 Ba6 21. O-O Rb2
22. Bxa6 Qxa6 23. Rb1 Rb7 24. Bh6 Bf6 25. Qf3 Bd8 26. Rxb7 Qxb7 27. Bg7 Rg8 28.
Bxe5 Qb4 29. Rc1 f6 30. Bf4 Kf7 31. e5 d3 32. Qd5+ Kg7 33. g3 Re8 34. exf6+
Bxf6 35. Qxd3 Qa4 36. Qd5 Qb5 37. Be3 Qa4 38. c6 dxc6 39. Rxc6 Rd8 40. Rc7+ Rd7
41. Qe6 1-0

[Event "Kup SS CS 2014"]
[Site "?"]
[Date "2014.05.04"]
[Round "8.5"]
[White "Milosevic, Zoran"]
[Black "Dinic, Dragan"]
[Result "1/2-1/2"]
[WhiteElo "2229"]
[BlackElo "2298"]
[PlyCount "33"]
[EventDate "2014.03.23"]

1. d4 Nf6 2. c4 e5 3. dxe5 Ng4 4. Nf3 Bc5 5. e3 Nc6 6. a3 a5 7. Bd2 Ngxe5 8.
Nxe5 Nxe5 9. Bc3 Qe7 10. Be2 O-O 11. Nd2 Ra6 12. Nf3 Ng4 13. Bd4 Re8 14. Bxc5
Qxc5 15. Qd4 Qf5 16. h3 Nf6 17. Bd3 1/2-1/2

[Event "Kup SS CS 2014"]
[Site "?"]
[Date "2014.05.04"]
[Round "8.5"]
[White "Panic, Milan"]
[Black "Bezarevic, Branko"]
[Result "1-0"]
[WhiteElo "2274"]
[BlackElo "2167"]
[PlyCount "131"]
[EventDate "2014.03.23"]

1. d4 Nf6 2. c4 e6 3. Nc3 d5 4. Bg5 Be7 5. e3 O-O 6. Nf3 Ne4 7. Bxe7 Qxe7 8.
cxd5 Nxc3 9. bxc3 exd5 10. Qb3 Rd8 11. c4 dxc4 12. Bxc4 Nc6 13. Be2 b6 14. O-O
Bb7 15. Rac1 Rac8 16. Rc3 Na5 17. Qc2 Be4 18. Qa4 c6 19. Rfc1 f6 20. Nd2 Bd5
21. Bf3 Bxf3 22. Nxf3 Rc7 23. Ne1 Rdc8 24. Nd3 Qd6 25. h3 Kf8 26. Nb4 Kg8 27.
Na6 Re7 28. Nc5 Rec7 29. R3c2 Re7 30. Nb3 Nxb3 31. Rxc6 Rxc6 32. Rxc6 Qd5 33.
Qxb3 Qxb3 34. axb3 Rb7 35. b4 a5 36. bxa5 bxa5 37. Ra6 Rb5 38. Ra7 Rb1+ 39. Kh2
Ra1 40. Kg3 a4 41. h4 h5 42. Ra5 a3 43. Kf3 a2 44. g3 Kf7 45. Ke4 Ke6 46. Ra6+
Kf7 47. Kf5 g6+ 48. Ke4 Kg7 49. Kd5 g5 50. Ke6 gxh4 51. gxh4 Rh1 52. Rxa2 Rxh4
53. Kf5 Rh1 54. Ra7+ Kh6 55. e4 h4 56. f4 h3 57. d5 h2 58. Ra3 Kg7 59. Rg3+ Kf7
60. Rh3 Kg7 61. Rh4 Kf7 62. Rh6 Kg7 63. Rg6+ Kh7 64. Rg2 Kh6 65. Kxf6 Kh7 66.
d6 1-0

[Event "Kup SS CS 2014"]
[Site "?"]
[Date "2014.05.04"]
[Round "8.5"]
[White "Vasic, Vladimir"]
[Black "Dodic, Dragan"]
[Result "1/2-1/2"]
[WhiteElo "2158"]
[BlackElo "2083"]
[PlyCount "104"]
[EventDate "2014.03.23"]

1. e4 c6 2. d4 d5 3. Nc3 dxe4 4. Nxe4 Nd7 5. Nf3 Ndf6 6. Ng3 e6 7. Bd3 Bd6 8.
Qe2 Ne7 9. Bg5 Nfd5 10. Nh5 O-O 11. Qe4 f5 12. Qe2 Qa5+ 13. Bd2 Qc7 14. c4 Nf4
15. Nxf4 Bxf4 16. Bc3 Ng6 17. O-O Bd7 18. g3 Bh6 19. Rfe1 Rae8 20. Rad1 Bc8 21.
Ne5 Nxe5 22. Qxe5 Qxe5 23. Rxe5 Bg5 24. f4 Bf6 25. Re3 Rd8 26. Be2 Kf7 27. Bf3
Rfe8 28. Kf2 Re7 29. Red3 Red7 30. Ke3 Re8 31. b4 a6 32. a4 Rc7 33. a5 Bd7 34.
Kf2 g6 35. h4 h5 36. Rc1 Rcc8 37. Bd2 Be7 38. Rb3 Bf6 39. Be3 Be7 40. Rbb1 Bf8
41. Re1 Bg7 42. Re2 Bf6 43. Rd2 Be7 44. Ke2 Bf6 45. Kd3 Be7 46. Kc3 Bd8 47. Kb3
Bf6 48. Rc1 Bg7 49. Rcc2 Bf6 50. Bf2 Bg7 51. Rd1 Bf6 52. Rdd2 Bg7 1/2-1/2

[Event "Kup SS CS 2014"]
[Site "?"]
[Date "2014.05.04"]
[Round "8.5"]
[White "Petrovic, Petar R"]
[Black "Mijanovic, Dragan"]
[Result "0-1"]
[WhiteElo "1752"]
[BlackElo "2083"]
[PlyCount "78"]
[EventDate "2014.03.23"]

1. e4 c6 2. d4 d5 3. exd5 cxd5 4. Bd3 Nc6 5. Ne2 Bg4 6. f3 Bh5 7. c3 e6 8. Bf4
Bg6 9. O-O Bd6 10. Bg3 a6 11. Na3 Nge7 12. Nc2 Rc8 13. Ne3 Qc7 14. Qd2 b5 15.
a4 Bxg3 16. Nxg3 Qb6 17. axb5 Bxd3 18. Qxd3 axb5 19. Kh1 O-O 20. f4 g6 21. Ng4
f5 22. Nf2 Rce8 23. Rfe1 Nc8 24. Nh3 Nd6 25. Ng5 Ne4 26. N3xe4 dxe4 27. Qh3 Re7
28. Qh6 Rc8 29. Re3 Qc7 30. Rf1 Ra8 31. Rg3 Qxf4 32. Kg1 Qd2 33. h4 Rg7 34. h5
Raa7 35. hxg6 Rxg6 36. Qh5 Rag7 37. Rd1 Qf4 38. Kh2 h6 39. Ra1 Qxg3+ 0-1

[Event "Kup SS CS 2014"]
[Site "?"]
[Date "2014.05.04"]
[Round "8.6"]
[White "Marcetic, Predrag"]
[Black "Zlatanovic, Zoran"]
[Result "1/2-1/2"]
[WhiteElo "2295"]
[BlackElo "2181"]
[PlyCount "127"]
[EventDate "2014.03.23"]

1. e4 c5 2. Nf3 d6 3. c3 Nf6 4. Be2 e6 5. O-O Be7 6. Re1 O-O 7. Bf1 Nbd7 8. d4
e5 9. dxe5 dxe5 10. c4 b6 11. Nc3 Bb7 12. b3 Qc7 13. Bb2 Rfe8 14. Nd5 Nxd5 15.
exd5 Bd6 16. g3 Nf6 17. Bh3 Bc8 18. Bxc8 Raxc8 19. Nh4 g6 20. Qf3 Nd7 21. Re2
f5 22. Nxf5 gxf5 23. Qxf5 Re7 24. Qg4+ Rg7 25. Qe6+ Rf7 26. f4 Nf8 27. Qh6 Re8
28. Rae1 Ng6 29. Qh5 Rfe7 30. f5 Nf8 31. f6 Rf7 32. Qg5+ Kh8 33. Bxe5 Bxe5 34.
Rxe5 Rxe5 35. Rxe5 Qd6 36. Re7 Qxf6 37. Qxf6+ Rxf6 38. Rxa7 Kg8 39. Rb7 Ng6 40.
Kg2 Ne5 41. h3 h5 42. Re7 Nf7 43. a4 Kg7 44. Rc7 Kg6 45. a5 bxa5 46. Rxc5 Rb6
47. Rc6+ Rxc6 48. dxc6 Nd6 49. Kf3 Kf5 50. Ke3 Ke6 51. Kd4 Nf5+ 52. Kc5 Nxg3
53. Kb6 Nf5 54. c5 Ne7 55. c7 Kd7 56. Kb7 h4 57. Kb8 Kc6 58. c8=Q+ Nxc8 59.
Kxc8 Kxc5 60. Kb7 Kb5 61. Ka7 Kb4 62. Kb6 Kxb3 63. Kxa5 Kc4 64. Ka4 1/2-1/2

[Event "Kup SS CS 2014"]
[Site "?"]
[Date "2014.05.04"]
[Round "8.6"]
[White "Kalcic, Krsta"]
[Black "Kurcubic, Aleksandar"]
[Result "1-0"]
[WhiteElo "2214"]
[BlackElo "2270"]
[PlyCount "61"]
[EventDate "2014.03.23"]

1. e4 e5 2. Nf3 Nc6 3. d4 exd4 4. Nxd4 Bc5 5. Nxc6 bxc6 6. Bd3 Bb7 7. O-O h5 8.
Qe2 a5 9. Nc3 a4 10. Be3 Qe7 11. b3 a3 12. Na4 Bxe3 13. Qxe3 Ra5 14. Rfe1 Nf6
15. h3 g5 16. c4 Qe5 17. c5 h4 18. Qd2 Ra8 19. Qc3 Qxc3 20. Nxc3 Nh5 21. e5 Ng7
22. Ne4 Ne6 23. Bc4 Nf4 24. Nxg5 Nd5 25. Ne4 Ke7 26. Rad1 Rad8 27. Bxd5 cxd5
28. Nf6 c6 29. Rd4 Ra8 30. Rb4 Ba6 31. Rd1 1-0

[Event "Kup SS CS 2014"]
[Site "?"]
[Date "2014.05.04"]
[Round "8.6"]
[White "Marinkovic, Zoran"]
[Black "Milutinovic, Stefana"]
[Result "1-0"]
[WhiteElo "2268"]
[BlackElo "2048"]
[PlyCount "69"]
[EventDate "2014.03.23"]

1. Nf3 c5 2. c4 g6 3. Nc3 Bg7 4. g3 Nf6 5. Bg2 O-O 6. O-O Nc6 7. d4 d6 8. d5
Na5 9. Nd2 a6 10. Qc2 Rb8 11. b3 b5 12. Bb2 e5 13. dxe6 Bxe6 14. cxb5 axb5 15.
Nce4 c4 16. Bxf6 Bxf6 17. Nxf6+ Qxf6 18. Ne4 Qe5 19. b4 Nc6 20. Qc3 Nd4 21.
Rfe1 Bg4 22. f4 Qg7 23. Kf2 Rfe8 24. e3 d5 25. Nd6 Red8 26. Nxf7 Qxf7 27. exd4
g5 28. Re5 h6 29. Kg1 gxf4 30. Rf1 f3 31. Bxf3 Bxf3 32. Rxf3 Qg6 33. Qe3 Ra8
34. Re6 Qg7 35. Rff6 1-0

[Event "Kup SS CS 2014"]
[Site "?"]
[Date "2014.05.04"]
[Round "8.6"]
[White "Zlatanovic, Jovana"]
[Black "Zecevic, Igor"]
[Result "1-0"]
[WhiteElo "1716"]
[BlackElo "1942"]
[PlyCount "79"]
[EventDate "2014.03.23"]

1. e4 c5 2. Nf3 Nc6 3. d3 g6 4. g3 Bg7 5. Bg2 d6 6. O-O e5 7. c3 Nge7 8. a3 a5
9. a4 O-O 10. Na3 f5 11. Ng5 f4 12. Qb3+ Kh8 13. Nf7+ Rxf7 14. Qxf7 g5 15. Kh1
Ng6 16. Nb5 Ra6 17. Nc7 Ra7 18. Ne6 Qe7 19. Qxe7 Ncxe7 20. Nxg5 Kg8 21. Bh3 h6
22. Bxc8 hxg5 23. Be6+ Kh7 24. Bd2 Nc6 25. Bf5 Kh6 26. Bxg6 Kxg6 27. gxf4 exf4
28. Rg1 Kh5 29. Bxf4 Bf6 30. Bxd6 b6 31. Rad1 Rd7 32. Bg3 Be5 33. Bxe5 Nxe5 34.
Rg3 g4 35. Kg2 Kg5 36. h3 Kf4 37. hxg4 Ng6 38. Rf3+ Kg5 39. Rf5+ Kh6 40. Kg3
1-0

[Event "Kup SS CS 2014"]
[Site "?"]
[Date "2014.05.04"]
[Round "8.7"]
[White "Bojovic, Dusan"]
[Black "Vujic, Mihailo"]
[Result "1-0"]
[WhiteElo "2284"]
[BlackElo "2323"]
[PlyCount "105"]
[EventDate "2014.03.23"]

1. e4 e5 2. Nf3 Nc6 3. d4 exd4 4. Nxd4 Nf6 5. Nxc6 bxc6 6. e5 Qe7 7. Qe2 Nd5 8.
c4 Ba6 9. Nd2 f6 10. b3 fxe5 11. Bb2 Nf4 12. Qxe5 O-O-O 13. O-O-O Qxe5 14. Bxe5
Ba3+ 15. Kc2 Ne6 16. g3 Rhe8 17. f4 d6 18. Bc3 c5 19. Bh3 Kb8 20. Bxe6 Rxe6 21.
f5 Re2 22. Rde1 Rf2 23. Ref1 Rxf1 24. Rxf1 Rd7 25. Rf4 Bb4 26. Rh4 Bxc3 27.
Kxc3 h6 28. f6 gxf6 29. Rxh6 Rf7 30. Rh4 c6 31. Ne4 Kc7 32. Rh6 f5 33. Nxd6 Rf8
34. Rf6 Rh8 35. Nxf5 Rxh2 36. Rf7+ Kb6 37. Nd6 Rxa2 38. g4 Rg2 39. Rg7 Rg3+ 40.
Kb2 Rg2+ 41. Ka3 Rd2 42. Rd7 Rg2 43. Rg7 Rd2 44. Rg6 Rd4 45. g5 Rd3 46. Rf6 Kc7
47. g6 Rg3 48. g7 Rg1 49. Ne8+ Kd7 50. Rf8 Bxc4 51. bxc4 Rg3+ 52. Ka4 a5 53.
g8=Q 1-0

[Event "Kup SS CS 2014"]
[Site "?"]
[Date "2014.05.04"]
[Round "8.7"]
[White "Tojagic, Dane"]
[Black "Toth, Aleksandar"]
[Result "0-1"]
[WhiteElo "2270"]
[BlackElo "2306"]
[PlyCount "72"]
[EventDate "2014.03.23"]

1. d4 d5 2. c4 e6 3. Nc3 Be7 4. cxd5 exd5 5. Bf4 c6 6. e3 Bf5 7. Bd3 Bxd3 8.
Qxd3 Nf6 9. Nge2 Nbd7 10. h3 O-O 11. O-O a5 12. Rad1 Re8 13. Rfe1 Nf8 14. Ng3
Ne6 15. Be5 Nd7 16. e4 Nxe5 17. dxe5 d4 18. Nce2 c5 19. f4 Qc7 20. Rc1 Rec8 21.
Nf5 Bf8 22. b3 a4 23. Rc2 axb3 24. axb3 Qb6 25. Qf3 d3 26. Neg3 dxc2 27. Qg4
Kh8 28. Kh2 Qb4 29. Rf1 Qd2 30. Ne2 Nd4 31. Nc1 Nxf5 32. exf5 Rd8 33. f6 Qd1
34. Rf3 Qxc1 35. Rg3 g6 36. e6 Ra1 0-1

[Event "Kup SS CS 2014"]
[Site "?"]
[Date "2014.05.04"]
[Round "8.7"]
[White "Jovanovic, Miroslav O"]
[Black "Markovic, Dragan P"]
[Result "1/2-1/2"]
[WhiteElo "2068"]
[BlackElo "2234"]
[PlyCount "113"]
[EventDate "2014.03.23"]

1. d4 Nf6 2. c4 e6 3. Nf3 b6 4. g3 Bb7 5. Bg2 Be7 6. O-O O-O 7. Nc3 Ne4 8. Qc2
Nxc3 9. Qxc3 Be4 10. Rd1 Bf6 11. Bf4 d6 12. Qd2 Nd7 13. Rac1 Be7 14. b4 Nf6 15.
Qb2 Qb8 16. Nd2 Bxg2 17. Kxg2 Nh5 18. Be3 f5 19. f3 Qe8 20. Bf2 Qg6 21. Kh1 Qh6
22. Kg2 Rf6 23. Rg1 Rg6 24. Kf1 Rf8 25. c5 Nf6 26. cxb6 cxb6 27. Rg2 Nd5 28.
Nb3 Bg5 29. Rc6 Qh3 30. Kg1 Bh6 31. Kh1 Be3 32. Qb1 Nf4 33. Qf1 Qxg2+ 34. Qxg2
Nxg2 35. Kxg2 Bxf2 36. Kxf2 e5 37. d5 Rgf6 38. Nd2 Rd8 39. b5 Kf8 40. Nc4 Ke7
41. Rc7+ Rd7 42. Rc8 Rf8 43. Rc6 Rb8 44. Ne3 g6 45. g4 f4 46. Nd1 Rbb7 47. Nc3
Rbc7 48. e4 fxe3+ 49. Kxe3 Rxc6 50. dxc6 Rd8 51. Ke4 Rf8 52. Nd5+ Ke6 53. Nc7+
Ke7 54. Nd5+ Kd8 55. h4 Rf7 56. a4 h6 57. Ke3 1/2-1/2

[Event "Kup SS CS 2014"]
[Site "?"]
[Date "2014.05.04"]
[Round "8.7"]
[White "Ljubinkovic, Miodrag"]
[Black "Djukic, Sasa"]
[Result "1-0"]
[WhiteElo "2243"]
[BlackElo "1988"]
[PlyCount "59"]
[EventDate "2014.03.23"]

1. d4 d5 2. Nf3 Nc6 3. c3 Bg4 4. Bf4 Bxf3 5. gxf3 e6 6. Nd2 Bd6 7. Bg3 Nf6 8.
e3 h5 9. Bh4 Be7 10. f4 Nd7 11. Bxe7 Nxe7 12. Qb3 Qc8 13. Be2 c5 14. Nf3 c4 15.
Qc2 Nf6 16. Ng5 Qc6 17. Bf3 Nf5 18. Rg1 Nd6 19. h3 g6 20. Bg2 O-O-O 21. b4 cxb3
22. axb3 Kb8 23. c4 Rc8 24. c5 Nfe4 25. Bxe4 Nxe4 26. Nxf7 Rhf8 27. Ne5 Qb5 28.
f3 Qb4+ 29. Kf1 Nxc5 30. dxc5 1-0